00973nam a22002415i 4500001000700000003000900007005001700016008004100033040002000074100001300094245015900107250005800266260006500324300003300389500004600422700002800468700004100496700004200537700004400579700003400623740002600657852004800683162292ES-MaACL20251013215429.0041110s1803 fr ac |||| | fre d aCAM bspa cCAM0 aPlutarco10aOeuvres mêlées de Plutarque / ctraduites du grec par Amyot... ; avec des notes et des observations par MM. Brotier et Vauvilliers ; tome quatrième. aNouvelle éd. brev., corr. et augm. par E. Clavier. aA Paris : bde l'imprimerie de Cussac..., cAn \RXI\R [1803] a[4], 432 p. : bil. ; c8º. aEs el T. XXI de las Oeuvres de Plutarque.11aAmyot, Jacques, etrad.11aBrotier, Gabriel, d1723-1789eanot.11aVauvilliers, Jean François, eanot.11aClavier, Etienne, d1762-1817eed. lit.11aCussac, Jean Baptiste, eimp.01aOeuvres de Plutarque. aES-MaACLjG-9449 z-- Enc. pasta española